| 000 | 00856cam a2200289 i 4500 | ||
|---|---|---|---|
| 999 |
_c9846 _d9846 |
||
| 001 | 9846 | ||
| 003 | BD-JhCC | ||
| 005 | 20180402100251.0 | ||
| 008 | 180402s1976 enk b 001 0 eng | ||
| 020 |
_a0333157583 : _c£7.95. _a0333157591 |
||
| 035 | _a(BD-JhCC)9846 | ||
| 040 |
_aDLC _cDLC _dDLC _dBD-JhCC |
||
| 041 | _aeng | ||
| 050 | 0 | 0 |
_aHN980 _b.H66 |
| 082 | 0 | 0 |
_a309.2/3/091724 _bHOO 1976 |
| 100 | 1 | _aHoogvelt, Ankie M. M. | |
| 245 | 1 | 4 |
_aThe sociology of developing societies / _cAnkie M. M. Hoogvelt. |
| 260 |
_aLondon : _bMacmillan, _c1976. |
||
| 300 |
_a202 p. ; _c23 cm. |
||
| 504 | _aIncludes bibliographical references and indexes. | ||
| 650 | 0 | _aSocial evolution. | |
| 650 | 0 | _aEconomic development. | |
| 650 | 0 | _aDiffusion of innovations. | |
| 651 | 0 |
_aDeveloping countries _xSocial conditions. |
|
| 942 |
_2ddc _cBK |
||